Angličtina do vrecka
Gespeichert in:
| Format: | Buch |
|---|---|
| Sprache: | Mehrsprachig |
| Veröffentlicht: |
Bratislava :
Slovenské pedagogické nakladateľstvo,
1991
|
| Tags: |
Keine Tags, Fügen Sie das erste Tag hinzu!
|
MARC
| LEADER | 00000nam a22000003a 4500 | ||
|---|---|---|---|
| 001 | stu21385 | ||
| 005 | 20150408181344.2 | ||
| 008 | 930716s1991----cs------------------mul-d | ||
| 020 | |a 80-08-01579-9 | ||
| 040 | |a STU |b slo | ||
| 041 | 0 | |a mul | |
| 044 | |a cs | ||
| 080 | |a 802.0 | ||
| 245 | |a Angličtina do vrecka | ||
| 260 | |a Bratislava : |b Slovenské pedagogické nakladateľstvo, |c 1991 | ||
| 300 | |a 319 s | ||
| 996 | |b C91775 |c C*91775 |l CCXV |s P |a 0 |w stu21385_0001 | ||